Szczegóły MARC21

ABC lekkoatletycznych ćwiczeń motorycznych dla zespołowych gier sportowych : koszykówka /

003 -Nazwa inst., której nr kontr. jest w polu 001 [,]
    • @
    • Nazwa instytucji, której n kontrolny jest w polu 001
    • NUKAT
005 -DATA I CZAS OSTATNIEJ MODYFIKACJI [,]
    • @
    • pole kontrolne
    • 20241231105603.0
040 -Instytucja sporządzająca opis [ , ]
    • a
    • Instytucja, która sporządziła opis (NP)
    • KR 122/MN
    • c
    • Instytucja, która sporządziła rekord (NP)
    • KR 122/MN
    • d
    • Instytucja, która zmodyfikowała rekord (P)
    • KR 122/MN
    • d
    • Instytucja, która zmodyfikowała rekord (P)
    • KR 122/AKs
942 -Rodzaj dokumentu [ , ]
    • c
    • Rodzaj dokumentu
    • Książka
100 -Hasło główne - nazwa osobowa [1, ]
    • a
    • Nazwa osobowa (NP)
    • Włodarczyk, Jerzy.
    • 9
    • KHW
    • 76599
245 -Strefa tytułu i oznaczenia odpowiedzialności [1,0]
    • a
    • Tytuł
    • ABC lekkoatletycznych ćwiczeń motorycznych dla zespołowych gier sportowych : Find
    • b
    • Ciąg dalszy tytułu (NP)
    • koszykówka / Find
    • c
    • Pozostałe elementy strefy tytułu i oznaczenia odpowiedzialności (NP)
    • Jerzy Włodarczyk.
260 -Strefa adresu wydawniczego [ , ]
    • a
    • Miejsce wydania (P)
    • [S.l :
    • b
    • Nazwa wydawcy (P)
    • s.n,
    • c
    • Data wydania (P)
    • 2014 : (S.l.] :
    • f
    • Nazwa drukarni (P)
    • Drukarnia Flyeralarm).
300 -Strefa opisu fizycznego [ , ]
    • a
    • Określenie formy książki i/lub objętość (NP)
    • 64 s. :
    • b
    • Oznaczenie ilustracji (NP)
    • il. kolor. ;
    • c
    • Format (NP)
    • 22 cm.
336 -Typ zawartości [ , ]
    • a
    • Termin opisujący typ zawartości
    • Tekst
    • b
    • Kod określający zawartość
    • txt
    • 2
    • Źródło (terminu i kodu)
    • rdacontent
337 -Typ mediów [ , ]
    • a
    • Tryb odtwarzania
    • Bez urządzenia pośredniczącego
    • b
    • Kod typu mediów
    • n
    • 2
    • Źródło (terminu i kodu)
    • rdamedia
338 -Typ/rodzaj nośnika [ , ]
    • a
    • Hasło opisujące typ nośnika
    • Wolumin
    • b
    • Kod typu nośnika
    • nc
    • 2
    • Źródło (terminu i kodu)
    • rdacarrier
500 -Uwaga ogólna [ , ]
    • a
    • Uwaga ogólna (NP)
    • Data wyd. za: http://www.nauczycieli.pl/ksiazka-ABC-lekkoatletycznych-cwiczen-motorycznych-dla-zespolowych-gier-sportowych-KOSZYKOWKA-Jerzy_Wlodarczyk-21365.
080 -Uniwersalna Klasyfikacja Dziesiętna [ , ]
    • 2
    • Identyfikator wydania tablic
    • UDC-P058
    • 9
    • UKD
    • 6301
    • a
    • Symbol klasyfikacji
    • 796.323
    • b
    • Dopowiedzenie
    • Koszykówka.
    • 4
    • UKD2
    • 8168
    • x
    • Poddział wspólny
    • (083.1)
    • c
    • Dopowiedzenie poddz. wspólnego
    • (Przepisy. Instrukcje. Poradniki praktyczne).
080 -Uniwersalna Klasyfikacja Dziesiętna [ , ]
    • 2
    • Identyfikator wydania tablic
    • UDC-P058
    • 9
    • UKD
    • 6279
    • a
    • Symbol klasyfikacji
    • 796.015
    • b
    • Dopowiedzenie
    • Trening. Przygotowanie sportowe.
    • 4
    • UKD2
    • 8168
    • x
    • Poddział wspólny
    • (083.1)
    • c
    • Dopowiedzenie poddz. wspólnego
    • (Przepisy. Instrukcje. Poradniki praktyczne).
650 -Hasło przedmiotowe [ ,7]
    • a
    • Hasło przedmiotowe
    • Koszykówka
    • x
    • Określnik rzeczowy
    • trening.
    • 2
    • Źródło terminu
    • kaba
    • 9
    • KHW
    • 386523
980 -Symbol UKD [ , ]
    • a
    • UKD
    • 796.323:796.015](083.1)
Sygnatura Data inwentaryzacji Lokalizacja Status udost. Numer inwentarzowy
Piłka koszykowa 212014-11-07BM1WF.9520